| 000 | 00719nam a2200229Ia 4500 | ||
|---|---|---|---|
| 001 | 10860 | ||
| 003 | GE_BSU | ||
| 008 | 181216s||||||||xx |||||||||||||| ||und|| | ||
| 040 | _cGE_BSU | ||
| 080 | _a82–93 | ||
| 100 | _aქეთელაური,სულხან | ||
| 245 | _aტყე ტიროდა. | ||
| 245 | _bმოთხრობები. | ||
| 245 | _cრედ.ჯ.ბაჯელიძე;მხატვ.ზ.მეძმარიაშვილი,გ.გიგაური. | ||
| 260 | _aთბილისი. | ||
| 260 | _bნაკადული. | ||
| 260 | _c1969. | ||
| 300 | _a102გვ;21სმ. | ||
| 300 | _eილ. | ||
| 653 | _aტყე ტიროდა. | ||
| 942 | _cBK | ||
| 999 |
_c44102 _d44102 |
||